00423nam a22001457a 4500003000900000005001700009008004100026040002300067082001500090100004300105245004100148260004300189300003100232650001400263BDDh-ASL20231015030256.0210402s1978 r ||||| |||| 00| 0 eng d aBDDh-ASLcBDDh-ASL a921.2bALE1 aHerzen, Alexander Ivanovichd1812-187010aAlexander Herzen: Who is to Blame? / aMoscow:bProgress Publishers, c1978.  a274 p. :bills. ;c21 cm.  0aBiography